[Event "Belgrade-chT"]
[Site "Belgrade"]
[Date "2018.05.10"]
[Round "4"]
[White "Jakovljevic, Dejan"]
[Black "Nesovanovic, Miroslav"]
[Result "1/2-1/2"]
[WhiteElo "2007"]
[BlackElo "1892"]
[PlyCount "31"]
[EventDate "2018.05.07"]
[EventType "team-swiss"]
[EventRounds "5"]
[EventCountry "SRB"]
[SourceTitle "CBM 184 Extra"]
[Source "ChessBase"]
[SourceDate "2018.06.28"]
[SourceVersion "1"]
[SourceVersionDate "2018.06.28"]
[SourceQuality "1"]
[WhiteTeam "Belgrade Partizan"]
[BlackTeam "Belgrade Pogledi"]
[WhiteTeamCountry "SRB"]
[BlackTeamCountry "SRB"]

1. e4 Nc6 2. d4 d5 3. e5 Bf5 4. c3 a6 5. Ne2 e6 6. Ng3 Bg6 7. h4 h6 8. h5 Bh7 9. Bd3 Bxd3 10. Qxd3 Qd7 11. Bf4 Nge7 12. Nd2 Nc8 13. Ne2 Nb6 14. Bg3 Be7 15. Bh4 0-0-0 16. Nc1 1/2-1/2

[Event "Belgrade Trophy 31st"]
[Site "Belgrade"]
[Date "2017.12.01"]
[Round "8"]
[White "Nesovanovic, Miroslav"]
[Black "Hadzi Manev, Ljubomir"]
[Result "1/2-1/2"]
[WhiteElo "1856"]
[BlackElo "2009"]
[PlyCount "165"]
[EventDate "2017.11.24"]
[EventType "swiss"]
[EventRounds "9"]
[EventCountry "SRB"]
[SourceTitle "CBM 181 Extra"]
[Source "ChessBase"]
[SourceDate "2017.12.12"]
[SourceVersion "1"]
[SourceVersionDate "2017.12.12"]
[SourceQuality "1"]

1. e4 g6 2. d4 Bg7 3. c3 d6 4. Bd3 e5 5. Ne2 Nc6 6. Be3 Nh6 7. f3 f5 8. d5 Ne7 9. Bb5+ c6 10. Bc4 cxd5 11. Bb5+ Bd7 12. Bxd7+ Qxd7 13. Qd2 f4 14. Bf2 dxe4 15. fxe4 d5 16. Qc2 dxe4 17. Qxe4 Qd5 18. Nd2 Ng4 19. c4 Qxe4 20. Nxe4 Nf5 21. h3 Nge3 22. Bxe3 Nxe3 23. Kf2 0-0 24. Rhc1 h6 25. b3 g5 26. N2c3 Rfd8 27. Rab1 Rac8 28. c5 Bf8 29. b4 Rd4 30. Kf3 Nf5 31. Rb2 Be7 32. Re1 h5 33. g4 fxg3 34. Kg2 Rd3 35. Rc1 Nh4+ 36. Kf1 Rf8+ 37. Ke2 Rdf3 38. Rbc2 g2 39. Nd5 Bd8 40. Rg1 Rf1 41. Rc1 Rxc1 42. Rxc1 Nf3 43. Ndf6+ Bxf6 44. Kxf3 Be7+ 45. Kxg2 Rd8 46. b5 Rc8 47. a4 Kf7 48. Kf3 Ke6 49. Ke3 g4 50. hxg4 hxg4 51. Rc2 Kd5 52. Rd2+ Ke6 53. Rc2 Rh8 54. Rg2 Rh3+ 55. Ke2 Kd5 56. Rxg4 Bxc5 57. Ng3 Rh2+ 58. Kf1 Rf2+ 59. Ke1 Rb2 60. Rg7 Bf2+ 61. Kf1 Bxg3 62. Rxg3 Kd4 63. Rg7 Ra2 64. Rxb7 Rxa4 65. Kf2 Ra2+ 66. Kf1 e4 67. Rd7+ Ke3 68. Re7 Ra1+ 69. Kg2 Kd3 70. Rd7+ Ke2 71. Rd4 e3 72. Rd7 Ra5 73. Kg3 Ke1 74. Re7 e2 75. Kf3 Ra3+ 76. Kg2 Rb3 77. Rxa7 Rxb5 78. Ra1+ Kd2 79. Ra2+ Kd3 80. Ra3+ Kc4 81. Kf2 Re5 82. Ke1 Re8 83. Ra2 1/2-1/2

[Event "Belgrade Trophy 31st"]
[Site "Belgrade"]
[Date "2017.11.29"]
[Round "6"]
[White "Nesovanovic, Miroslav"]
[Black "Krstonijevic, Stjepan"]
[Result "1/2-1/2"]
[WhiteElo "1856"]
[BlackElo "2223"]
[PlyCount "146"]
[EventDate "2017.11.24"]
[EventType "swiss"]
[EventRounds "9"]
[EventCountry "SRB"]
[SourceTitle "CBM 181 Extra"]
[Source "ChessBase"]
[SourceDate "2017.12.12"]
[SourceVersion "1"]
[SourceVersionDate "2017.12.12"]
[SourceQuality "1"]

1. e4 c5 2. Nf3 e6 3. d4 cxd4 4. Nxd4 Nc6 5. Nb5 d6 6. c4 Nf6 7. N1c3 a6 8. Na3 Be7 9. Be2 0-0 10. 0-0 b6 11. Be3 Bb7 12. f3 Nd7 13. Qd2 Rc8 14. Rac1 Nce5 15. f4 Ng6 16. Nab1 Nc5 17. Qc2 Qc7 18. b4 Nd7 19. a3 Qb8 20. Qd2 Nf6 21. Qd3 Bd8 22. Nd2 Bc7 23. h3 Rfd8 24. Qc2 Qa8 25. Bf3 Nh4 26. Qd3 Nxf3+ 27. gxf3 Qb8 28. Ne2 Bc6 29. Qb3 Bd7 30. Kg2 Nh5 31. a4 d5 32. e5 dxc4 33. Nxc4 b5 34. Nb2 Bb6 35. a5 Bxe3 36. Qxe3 Bc6 37. Ng3 Nxg3 38. Kxg3 Bd5 39. Rfd1 Qb7 40. h4 Qe7 41. Nd3 Rc4 42. Nc5 Rxb4 43. Nxa6 Ra4 44. Ra1 Ra8 45. Qb6 Ra3 46. Rf1 Bc4 47. Rfe1 Bd5 48. Rf1 Rxa1 49. Rxa1 Qa7 50. Qxa7 Rxa7 51. Nb4 Kf8 52. a6 Ke8 53. Ra5 Bc4 54. Nc6 Ra8 55. a7 Kd7 56. Nd4 Kc7 57. Nxb5+ Kb6 58. Nc7 Kxc7 59. Rc5+ Kb6 60. Rxc4 Rxa7 61. Rc2 h5 62. Rc8 Rc7 63. Rh8 g6 64. Rf8 Kc6 65. Rd8 Ra7 66. Rf8 Rd7 67. Rc8+ Kd5 68. Rc2 Ra7 69. Rb2 Kc4 70. Rb6 Kd4 71. Rb3 Kc5 72. Rd3 Kc6 73. Rd6+ Kc7 1/2-1/2

[Event "Belgrade Trophy 27th"]
[Site "Obrenovac"]
[Date "2013.11.25"]
[Round "2"]
[White "Marjanovic, Dejan"]
[Black "Nesovanovic, Miroslav"]
[Result "1-0"]
[WhiteElo "2269"]
[BlackElo "1894"]
[PlyCount "76"]
[EventDate "2013.11.24"]
[EventType "swiss"]
[EventRounds "9"]
[EventCountry "SRB"]
[SourceTitle "CBM 157 Extra"]
[Source "ChessBase"]
[SourceDate "2013.12.19"]
[SourceVersion "1"]
[SourceVersionDate "2013.12.19"]
[SourceQuality "1"]

1. e4 c5 2. Nc3 d6 3. f4 Nc6 4. Nf3 Bg4 5. Bb5 a6 6. Bxc6+ bxc6 7. h3 Bxf3 8. Qxf3 e6 9. d3 Rb8 10. 0-0 Qd7 11. b3 Ne7 12. Bb2 Ng6 13. Na4 f6 14. Rf2 Be7 15. f5 exf5 16. exf5 Ne5 17. Qh5+ Nf7 18. Nc3 0-0 19. Ne2 Ne5 20. Nf4 Rf7 21. Re1 Bf8 22. Re3 Rb7 23. Rg3 d5 24. Bxe5 fxe5 25. Ne6 Rf6 26. Qh4 Kh8 27. Rg6 Qe7 28. Rxf6 gxf6 29. Qa4 Bh6 30. Qxc6 Rb8 31. Re2 d4 32. Re4 Rg8 33. Rg4 Bg5 34. Qd5 h5 35. Rxg5 fxg5 36. Qxe5+ Kh7 37. f6 Qf7 38. Nxg5+ Rxg5 1-0

[Event "Belgrade Trophy 26th"]
[Site "Belgrade"]
[Date "2012.11.29"]
[Round "6"]
[White "Nesovanovic, Miroslav"]
[Black "Djurdjevic, Petar S"]
[Result "1-0"]
[WhiteElo "1899"]
[BlackElo "2009"]
[PlyCount "85"]
[EventDate "2012.11.24"]
[EventType "swiss"]
[EventRounds "9"]
[EventCountry "SRB"]
[SourceTitle "CBM 151 Extra"]
[Source "ChessBase"]
[SourceDate "2012.12.18"]
[SourceVersion "1"]
[SourceVersionDate "2012.12.18"]
[SourceQuality "1"]

1. e4 d5 2. exd5 Qxd5 3. Nc3 Qa5 4. Nf3 Nf6 5. Bc4 c6 6. 0-0 Bg4 7. h3 Bh5 8. Be2 e6 9. d3 Nbd7 10. Bd2 Qc7 11. Qc1 Bd6 12. Ne4 Nxe4 13. dxe4 Bg6 14. Bd3 Nc5 15. Re1 Be7 16. Bf4 Qd8 17. Qe3 Nxd3 18. cxd3 f6 19. d4 0-0 20. a3 a5 21. Qb3 Qd7 22. Rad1 Bf7 23. Qe3 Rfe8 24. e5 f5 25. g4 Bg6 26. Rd2 Red8 27. Nh2 Qe8 28. Bg5 h6 29. Bxe7 Qxe7 30. f4 Rd5 31. Kg2 Rad8 32. Nf3 Rb5 33. Rc1 Rbd5 34. Rc3 Bf7 35. Kg3 g6 36. Rdc2 Be8 37. Rc5 Rxc5 38. Rxc5 Rd5 39. b4 Qd8 40. Qd2 axb4 41. axb4 Qa8 42. Qc3 Qa6 43. Rxd5 1-0

[Event "Belgrade Trophy 26th"]
[Site "Belgrade"]
[Date "2012.11.24"]
[Round "1"]
[White "Nesovanovic, Miroslav"]
[Black "Posedaru, Bogdan Stefan"]
[Result "0-1"]
[WhiteElo "1899"]
[BlackElo "2315"]
[PlyCount "66"]
[EventDate "2012.11.24"]
[EventType "swiss"]
[EventRounds "9"]
[EventCountry "SRB"]
[SourceTitle "CBM 151 Extra"]
[Source "ChessBase"]
[SourceDate "2012.12.18"]
[SourceVersion "1"]
[SourceVersionDate "2012.12.18"]
[SourceQuality "1"]

1. e4 c5 2. Nf3 Nc6 3. d4 cxd4 4. Nxd4 Qb6 5. Nxc6 bxc6 6. Bd3 e5 7. 0-0 Nf6 8. Nc3 Be7 9. Rb1 0-0 10. Be3 Qb7 11. Bg5 h6 12. Bxf6 Bxf6 13. Qf3 d6 14. Rfd1 Be6 15. Be2 Be7 16. g4 Rad8 17. b3 d5 18. Na4 Qb4 19. Bd3 Bg5 20. c3 Qe7 21. h3 Bf4 22. Bc2 h5 23. Qg2 hxg4 24. hxg4 Qh4 25. f3 Bc8 26. Kf1 Ba6+ 27. c4 dxc4 28. Nc5 cxb3+ 29. Bd3 bxa2 30. Ra1 Rxd3 31. Nxd3 Rd8 32. Ke2 Rxd3 33. Rxd3 Qd8 0-1

[Event "Belgrade Trophy 25th"]
[Site "Obrenovac"]
[Date "2011.11.24"]
[Round "1"]
[White "Nesovanovic, Miroslav"]
[Black "Kiroski, Toni"]
[Result "0-1"]
[WhiteElo "1929"]
[BlackElo "2351"]
[PlyCount "108"]
[EventDate "2011.11.24"]
[EventType "swiss"]
[EventRounds "9"]
[EventCountry "YUG"]
[SourceTitle "CBM 145 Extra"]
[Source "ChessBase"]
[SourceDate "2012.01.03"]
[SourceVersion "1"]
[SourceVersionDate "2012.01.03"]
[SourceQuality "1"]

1. e4 c5 2. Nf3 d6 3. Nc3 Nf6 4. d4 cxd4 5. Nxd4 Nc6 6. Be2 g6 7. 0-0 Bg7 8. Be3 0-0 9. Rb1 Bd7 10. Qd2 Rc8 11. f3 Ne5 12. b3 a6 13. a4 Nc6 14. Na2 d5 15. Nxc6 Bxc6 16. e5 Ne8 17. f4 f6 18. Bd4 Nc7 19. c3 Bd7 20. Nb4 Bf5 21. Rbe1 Ne6 22. exf6 exf6 23. Bf3 Nxd4 24. Bxd5+ Ne6 25. Bxe6+ Bxe6 26. Qxd8 Rfxd8 27. Rxe6 Rxc3 28. Rfe1 a5 29. Na2 Rxb3 30. Nc1 Rb4 31. Re7 Bf8 32. Rc7 Bd6 33. Rc2 Bxf4 34. g3 Be5 35. Ne2 g5 36. Ra2 Bb2 37. Kf1 Rd7 38. Rb1 Be5 39. Rc1 Kf7 40. Rc5 b6 41. Rc6 h5 42. h3 Rd3 43. Kg2 Rbb3 44. Rac2 h4 45. gxh4 gxh4 46. Ng1 Rg3+ 47. Kh1 Bf4 48. R2c4 Be3 49. Ne2 Rxh3+ 50. Kg2 Bc5 51. R6xc5 bxc5 52. Rxc5 Rhe3 53. Kf2 Rf3+ 54. Kg2 h3+ 0-1

[Event "Belgrade Spring op"]
[Site "Belgrade"]
[Date "2011.03.28"]
[Round "6"]
[White "Elez, Sinisa"]
[Black "Nesovanovic, Miroslav"]
[Result "1-0"]
[WhiteElo "2133"]
[BlackElo "1934"]
[PlyCount "59"]
[EventDate "2011.03.23"]
[EventType "swiss"]
[EventRounds "9"]
[EventCountry "SRB"]
[SourceTitle "CBM 141 Extra"]
[Source "ChessBase"]
[SourceDate "2011.05.03"]
[SourceVersion "1"]
[SourceVersionDate "2011.05.03"]
[SourceQuality "1"]

1. Nf3 d5 2. d4 Nf6 3. Bg5 Nbd7 4. e3 Ne4 5. Bf4 c6 6. Nbd2 Ndf6 7. Bd3 Nxd2 8. Nxd2 g6 9. 0-0 Bg7 10. c3 0-0 11. h3 b6 12. e4 dxe4 13. Nxe4 Nxe4 14. Bxe4 Bb7 15. Qa4 Qc8 16. Rfe1 Re8 17. Bf3 a5 18. Rad1 b5 19. Qc2 e6 20. Bd6 Qd7 21. Be5 Qe7 22. Bxg7 Kxg7 23. Re5 Qf6 24. Rde1 Kf8 25. a4 Rec8 26. axb5 a4 27. Ra1 Rab8 28. Qxa4 c5 29. Bxb7 Rxb7 30. Rxc5 1-0

[Event "Belgrade Spring op"]
[Site "Belgrade"]
[Date "2010.03.28"]
[Round "5"]
[White "Nesovanovic, Miroslav"]
[Black "Jovanovic, Nebojsa M"]
[Result "1-0"]
[WhiteElo "1947"]
[BlackElo "1766"]
[PlyCount "75"]
[EventDate "2010.03.23"]
[EventType "swiss"]
[EventRounds "9"]
[EventCountry "YUG"]
[SourceTitle "CBM 135 Extra"]
[Source "ChessBase"]
[SourceDate "2010.05.04"]
[SourceVersion "1"]
[SourceVersionDate "2010.05.04"]
[SourceQuality "1"]

1. e4 e5 2. Nf3 Nc6 3. Bb5 a6 4. Ba4 b5 5. Bb3 Nf6 6. 0-0 Bc5 7. d3 h6 8. c3 d6 9. d4 exd4 10. cxd4 Bb6 11. h3 Bb7 12. a3 Qe7 13. Nc3 Na5 14. Bc2 0-0 15. Re1 Nh7 16. Qd3 Rad8 17. Nd5 Qe6 18. e5 g6 19. Nxb6 cxb6 20. Bxh6 Rfe8 21. b4 Nc4 22. Ng5 Qd5 23. Qg3 dxe5 24. Nxf7 Qxg2+ 25. Qxg2 Bxg2 26. Nxd8 Bd5 27. Bxg6 Rxd8 28. dxe5 Nf8 29. Bf5 Nd7 30. e6 Nde5 31. Red1 Nf3+ 32. Kf1 Nh2+ 33. Ke2 Bf3+ 34. Ke1 Bxd1 35. e7 Nf3+ 36. Kf1 Re8 37. Rxd1 Rxe7 38. Rd8+ 1-0

[Event "Senta op-B 13th"]
[Site "Senta"]
[Date "2009.07.21"]
[Round "5"]
[White "Sedlak, Ivan"]
[Black "Nesovanovic, Miroslav"]
[Result "1-0"]
[WhiteElo "2151"]
[BlackElo "1987"]
[PlyCount "57"]
[EventDate "2009.07.18"]
[EventType "swiss"]
[EventRounds "9"]
[EventCountry "YUG"]
[SourceTitle "EXT 2012"]
[Source "ChessBase"]
[SourceDate "2011.11.24"]
[SourceVersion "1"]
[SourceVersionDate "2011.11.24"]
[SourceQuality "1"]

1. e4 e5 2. Nf3 Nc6 3. Bb5 a6 4. Ba4 Nf6 5. 0-0 b5 6. Bb3 Be7 7. Re1 d6 8. h3 Na5 9. d4 Nxb3 10. axb3 exd4 11. Nxd4 Bb7 12. Nc3 0-0 13. Nf5 Re8 14. Qf3 Bf8 15. Bg5 g6 16. Nh6+ Kg7 17. Nd5 Bxd5 18. exd5 Re5 19. Rxe5 dxe5 20. Ng4 Be7 21. d6 cxd6 22. Bxf6+ Bxf6 23. Nxf6 d5 24. Qxd5 Kxf6 25. Rxa6+ Kg7 26. Qxa8 Qd1+ 27. Kh2 Qd4 28. Qf3 e4 29. Qc3 1-0

[Event "Belgrade Trophy 21st"]
[Site "Obrenovac"]
[Date "2008.12.01"]
[Round "5"]
[White "Jovic, Branko"]
[Black "Nesovanovic, Miroslav"]
[Result "1-0"]
[WhiteElo "1824"]
[BlackElo "1999"]
[PlyCount "155"]
[EventDate "2008.11.27"]
[EventType "swiss"]
[EventRounds "9"]
[EventCountry "YUG"]
[SourceTitle "CBM 127 Extra"]
[Source "ChessBase"]
[SourceDate "2009.01.08"]
[SourceVersion "2"]
[SourceVersionDate "2009.01.28"]
[SourceQuality "1"]

1. e4 c5 2. Nf3 Nc6 3. d4 cxd4 4. Nxd4 e5 5. Nb5 d6 6. N1c3 a6 7. Na3 b5 8. Nd5 Be6 9. Be3 Rb8 10. c4 Qa5+ 11. Bd2 Qa4 12. Bd3 Qxd1+ 13. Rxd1 Bxd5 14. cxd5 Nd8 15. Rc1 Be7 16. Nc2 Nf6 17. Nb4 Ra8 18. Rc7 Nd7 19. Nxa6 Rxa6 20. Bxb5 Rxa2 21. Bxd7+ Kf8 22. Bc1 g5 23. 0-0 Kg7 24. b4 Bf6 25. b5 Ra4 26. f3 h5 27. Be3 Rb4 28. b6 Rb3 29. Re1 g4 30. fxg4 hxg4 31. Bf2 Bg5 32. Bxg4 Bd2 33. Ra1 Ba5 34. Rxa5 Rb1+ 35. Be1 Rxe1+ 36. Kf2 Rxe4 37. h3 Rb4 38. Ra8 Rf4+ 39. Ke3 Rb4 40. Rcc8 Rxb6 41. Rxd8 Rh6 42. Rg8+ Kf6 43. Rh8 Rb3+ 44. Kf2 Rg6 45. Rag8 Rb2+ 46. Kg3 Rb3+ 47. Kf2 Rb2+ 48. Be2 Rd2 49. Rxg6+ Kxg6 50. Rg8+ Kh7 51. Rg3 f5 52. Rd3 Rb2 53. Ke3 f4+ 54. Kf3 e4+ 55. Kxe4 Rxe2+ 56. Kxf4 Rxg2 57. Kf5 Re2 58. Rd4 Re5+ 59. Kf6 Kg8 60. Rg4+ Kf8 61. Rg5 Re4 62. Rh5 Kg8 63. h4 Re2 64. Rg5+ Kh8 65. Kf7 Rf2+ 66. Ke6 Rf4 67. h5 Kh7 68. Kxd6 Kh6 69. Re5 Rc4 70. Kd7 Kg7 71. d6 Kf6 72. Re6+ Kf7 73. h6 Ra4 74. Re7+ Kf6 75. h7 Ra7+ 76. Kc6 Ra8 77. Re2 Kg7 78. d7 1-0

[Event "Belgrade Trophy 21st"]
[Site "Obrenovac"]
[Date "2008.11.28"]
[Round "2"]
[White "Nesovanovic, Miroslav"]
[Black "Milanovic, Maja"]
[Result "1-0"]
[WhiteElo "1999"]
[BlackElo "1699"]
[PlyCount "99"]
[EventDate "2008.11.27"]
[EventType "swiss"]
[EventRounds "9"]
[EventCountry "YUG"]
[SourceTitle "CBM 127 Extra"]
[Source "ChessBase"]
[SourceDate "2009.01.08"]
[SourceVersion "2"]
[SourceVersionDate "2009.01.28"]
[SourceQuality "1"]

1. e4 c5 2. Nf3 Nc6 3. d4 cxd4 4. Nxd4 g6 5. Be3 Bg7 6. c4 Nf6 7. Nc3 0-0 8. Be2 Nxd4 9. Bxd4 d6 10. 0-0 Be6 11. Qd2 a6 12. a4 Qc7 13. Rac1 Rac8 14. b3 Qa5 15. Qe3 Nd7 16. Bxg7 Kxg7 17. Bd3 Nc5 18. Bc2 Qb4 19. Qd4+ Kg8 20. Rb1 Rb8 21. f4 Qb6 22. Rfd1 f5 23. b4 Nd7 24. Nd5 Qxd4+ 25. Rxd4 fxe4 26. Bxe4 Rf7 27. Re1 Nf6 28. Nb6 Nd7 29. Bd5 Bxd5 30. Nxd5 Re8 31. Nc7 Rd8 32. Nd5 Re8 33. a5 e5 34. Rde4 Kf8 35. g3 Re6 36. R4e2 h5 37. h4 Re8 38. Kg2 Rf5 39. Re4 Rc8 40. Kh3 exf4 41. Ne7 d5 42. cxd5 Rc3 43. Nxf5 gxf5 44. Re8+ Kf7 45. R8e7+ Kf8 46. Rxd7 Rxg3+ 47. Kh2 Rg4 48. Rc1 Ke8 49. Rxb7 Kd8 50. Rc3 1-0

[Event "Belgrade Trophy 21st"]
[Site "Obrenovac"]
[Date "2008.11.27"]
[Round "1"]
[White "Simic, Radoslav"]
[Black "Nesovanovic, Miroslav"]
[Result "1-0"]
[WhiteElo "2373"]
[BlackElo "1999"]
[PlyCount "95"]
[EventDate "2008.11.27"]
[EventType "swiss"]
[EventRounds "9"]
[EventCountry "YUG"]
[SourceTitle "CBM 127 Extra"]
[Source "ChessBase"]
[SourceDate "2009.01.08"]
[SourceVersion "2"]
[SourceVersionDate "2009.01.28"]
[SourceQuality "1"]

1. Nf3 d5 2. d4 Bg4 3. c4 e6 4. Nc3 Bxf3 5. gxf3 c6 6. e4 dxc4 7. Bxc4 Nf6 8. Be3 Nbd7 9. a3 Nb6 10. Ba2 Qc7 11. Rc1 Qd7 12. 0-0 g6 13. Kh1 Bg7 14. b4 0-0 15. a4 Rac8 16. Qe2 Rfe8 17. a5 Na8 18. b5 Nc7 19. Rb1 e5 20. bxc6 bxc6 21. d5 cxd5 22. exd5 e4 23. fxe4 Nxe4 24. Nxe4 Rxe4 25. Rg1 Ne8 26. Qb5 Qf5 27. d6 Nxd6 28. Qxf5 Nxf5 29. Rb7 Nxe3 30. fxe3 Rxe3 31. Bxf7+ Kh8 32. Rxa7 Ra3 33. Re1 Bd4 34. Rd7 Ra1 35. Rxa1 Bxa1 36. a6 Ra8 37. a7 Bd4 38. Rxd4 Rxa7 39. Bc4 Kg7 40. Kg2 h6 41. Rd6 Ra5 42. Bd5 g5 43. Be4 Ra2+ 44. Kg3 Re2 45. Bf5 Re3+ 46. Kg4 Re2 47. Rg6+ Kf7 48. Rxh6 1-0

[Event "Belgrade Spring op"]
[Site "Belgrade"]
[Date "2008.04.02"]
[Round "9"]
[White "Popovic, Milan"]
[Black "Nesovanovic, Miroslav"]
[Result "1/2-1/2"]
[WhiteElo "1988"]
[BlackElo "1983"]
[PlyCount "22"]
[EventDate "2008.03.25"]
[EventType "swiss"]
[EventRounds "9"]
[EventCountry "YUG"]
[SourceTitle "CBM 123 Extra"]
[Source "ChessBase"]
[SourceDate "2008.05.06"]
[SourceVersion "1"]
[SourceVersionDate "2008.05.06"]
[SourceQuality "1"]

1. d4 Nf6 2. Nf3 e6 3. Bg5 Bb4+ 4. c3 Be7 5. Bxf6 Bxf6 6. Nbd2 d5 7. e4 dxe4 8. Nxe4 0-0 9. Bd3 Nd7 10. h4 g6 11. Qc2 Bg7 1/2-1/2

[Event "Belgrade Trophy 20th"]
[Site "Belgrade"]
[Date "2007.11.26"]
[Round "5"]
[White "Ljangov, Petar"]
[Black "Nesovanovic, Miroslav"]
[Result "1/2-1/2"]
[WhiteElo "2163"]
[BlackElo "1985"]
[PlyCount "120"]
[EventDate "2007.11.22"]
[EventType "swiss"]
[EventRounds "9"]
[EventCountry "YUG"]
[SourceTitle "CBM 121 Extra"]
[Source "ChessBase"]
[SourceDate "2008.01.10"]
[SourceVersion "1"]
[SourceVersionDate "2008.01.10"]
[SourceQuality "1"]

1. Nf3 d5 2. e3 Nf6 3. c4 e6 4. d4 Bb4+ 5. Bd2 Bxd2+ 6. Nbxd2 0-0 7. Bd3 Nbd7 8. 0-0 Re8 9. Qc2 c6 10. Ne5 Nf8 11. c5 N6d7 12. Nxd7 Bxd7 13. f4 f6 14. Nf3 Qc7 15. b4 b5 16. a4 a6 17. Ra2 Rab8 18. Rfa1 Rb7 19. axb5 axb5 20. Ra6 Reb8 21. Qa2 Be8 22. h3 g6 23. Qf2 Qg7 24. g4 h6 25. h4 Nh7 26. g5 hxg5 27. hxg5 Rc8 28. Qg3 f5 29. Ne5 Nf8 30. Qg2 Rbc7 31. Qa2 Nd7 32. Nf3 Nb8 33. Ra7 Rxa7 34. Qxa7 Qxa7 35. Rxa7 Nd7 36. Nd2 Kf8 37. Nb3 Nb8 38. Na5 Bd7 39. Ra8 Ke7 40. Nb3 Kd8 41. Na5 Ke7 42. Kf2 Kd8 43. Nb7+ Ke7 44. Nd6 Rd8 45. Ra7 Kf8 46. Nb7 Rc8 47. Na5 Ke7 48. Nb3 Kd8 49. Nd2 Rc7 50. Ra8 Kc8 51. Nf3 Be8 52. Ne5 Kb7 53. Ra1 Rh7 54. Kg2 Na6 55. Rb1 Rh5 56. Be2 Rh4 57. Nd3 Nc7 58. Bf3 Rh7 59. Rh1 Rxh1 60. Kxh1 Na6 1/2-1/2

[Event "Belgrade Trophy 20th"]
[Site "Belgrade"]
[Date "2007.11.22"]
[Round "1"]
[White "Zivkovic, Sava"]
[Black "Nesovanovic, Miroslav"]
[Result "1-0"]
[WhiteElo "2323"]
[BlackElo "1985"]
[PlyCount "139"]
[EventDate "2007.11.22"]
[EventType "swiss"]
[EventRounds "9"]
[EventCountry "YUG"]
[SourceTitle "CBM 121 Extra"]
[Source "ChessBase"]
[SourceDate "2008.01.10"]
[SourceVersion "1"]
[SourceVersionDate "2008.01.10"]
[SourceQuality "1"]

1. e4 e5 2. Nf3 Nc6 3. Bb5 a6 4. Ba4 Nf6 5. 0-0 Be7 6. Re1 b5 7. Bb3 d6 8. c3 Na5 9. Bc2 c5 10. h3 Qc7 11. d4 cxd4 12. cxd4 Bb7 13. Nbd2 Rc8 14. Bd3 Nc6 15. a3 0-0 16. b4 Nxd4 17. Nxd4 exd4 18. Bb2 Nd7 19. f4 Bf6 20. Qg4 Rfd8 21. Rac1 Qb6 22. Nf3 g6 23. Kh1 Rxc1 24. Rxc1 Bg7 25. Qh4 Bf6 26. Qf2 Rc8 27. Re1 Bg7 28. g4 a5 29. g5 Re8 30. Kh2 axb4 31. axb4 Ra8 32. Bxd4 Bxd4 33. Qxd4 Ra2+ 34. Re2 Rxe2+ 35. Bxe2 Qc6 36. Bd3 Nb6 37. Kg3 Nc4 38. Nh2 Bc8 39. Nf3 Qd7 40. f5 gxf5 41. exf5 d5 42. Qf6 Qd6+ 43. Qxd6 Nxd6 44. Kf4 Nc4 45. h4 h6 46. Nd4 Bd7 47. f6 hxg5+ 48. hxg5 Kf8 49. Bf5 Be8 50. Bg4 Nb2 51. Bf5 Nc4 52. Bc8 Nb2 53. Bf5 Nc4 54. Nb3 Bc6 55. Na5 Be8 56. Nb7 Bc6 57. Nd8 Be8 58. Bg4 Nb2 59. Ke3 Nc4+ 60. Kd4 Kg8 61. Bf3 Nb6 62. Kc5 Nd7+ 63. Kxd5 Nf8 64. Be4 Bd7 65. Kd6 Bg4 66. Ke7 Bh5 67. Ke8 Nh7 68. Bxh7+ Kxh7 69. Ke7 Kg8 70. Nb7 1-0

[Event "Belgrade Winter op"]
[Site "Belgrade"]
[Date "2007.01.30"]
[Round "7"]
[White "Nesovanovic, Miroslav"]
[Black "Paulic, Branko"]
[Result "0-1"]
[WhiteElo "1979"]
[BlackElo "2240"]
[PlyCount "90"]
[EventDate "2007.01.24"]
[EventType "swiss"]
[EventRounds "9"]
[EventCountry "YUG"]
[SourceTitle "EXT 2010"]
[Source "ChessBase"]
[SourceDate "2010.11.25"]
[SourceVersion "1"]
[SourceVersionDate "2010.11.25"]
[SourceQuality "1"]

1. e4 e6 2. Nf3 d5 3. Nc3 Bb4 4. a3 Ba5 5. b4 Bb6 6. d4 a5 7. Rb1 axb4 8. axb4 Ne7 9. Bd3 Nbc6 10. Nb5 0-0 11. e5 f6 12. exf6 gxf6 13. Bf4 e5 14. dxe5 fxe5 15. Bxe5 Bxf2+ 16. Kxf2 Nxe5 17. Re1 Nxf3 18. gxf3 Ng6 19. Bxg6 hxg6 20. Qd4 c6 21. Nc3 Bf5 22. Re2 Qc7 23. Kg2 Ra3 24. Rbe1 Qg7 25. Qxg7+ Kxg7 26. Nb1 Ra2 27. b5 Rxc2 28. Rxc2 Bxc2 29. Na3 Bd3 30. Re3 Bf5 31. Re7+ Rf7 32. Rxf7+ Kxf7 33. Kf2 Ke7 34. Ke3 Kd6 35. bxc6 bxc6 36. Kd4 c5+ 37. Kc3 Kc6 38. f4 Be4 39. Kd2 c4 40. h4 Kc5 41. Nc2 Bxc2 42. Kxc2 Kd6 43. f5 gxf5 44. h5 Ke5 45. h6 Kf6 0-1